[Event "Dieren op"]
[Site "Dieren"]
[Date "2023.08.02"]
[Round "8"]
[White "Bollen, Guus"]
[Black "Pham, Khoi"]
[Result "0-1"]
[WhiteElo "2183"]
[BlackElo "2361"]
[PlyCount "42"]
[EventDate "2023.07.25"]
[EventType "swiss"]
[EventRounds "9"]
[EventCountry "NED"]
[SourceTitle "CBM 215 Extra"]
[Source "ChessBase"]
[SourceDate "2023.09.30"]
[SourceVersion "1"]
[SourceVersionDate "2023.09.30"]
[SourceQuality "1"]

1. e4 e5 2. Nc3 Nf6 3. Bc4 Nc6 4. d3 Bc5 5. f4 d6 6. Nf3 exf4 7. Bxf4 0-0 8. Nd5 Nxd5 9. Bxd5 Qf6 10. Qc1 Nd4 11. c3 Nxf3+ 12. gxf3 Be6 13. Bb3 Qh4+ 14. Bg3 Qh5 15. Bd1 f5 16. d4 Bb6 17. Qd2 Rae8 18. Be2 fxe4 19. fxe4 Bg4 20. e5 dxe5 21. Bxe5 Rxe5 0-1

[Event "Helmond Rapid op"]
[Site "Helmond"]
[Date "2023.06.10"]
[Round "2"]
[White "Pol, Nico"]
[Black "Bollen, Guus"]
[Result "0-1"]
[WhiteElo "1805"]
[BlackElo "2183"]
[PlyCount "77"]
[EventDate "2023.06.10"]
[EventType "swiss (rapid)"]
[EventRounds "9"]
[EventCountry "NED"]
[SourceTitle "CBM 214 Extra"]
[Source "ChessBase"]
[SourceDate "2023.07.31"]
[SourceVersion "1"]
[SourceVersionDate "2023.07.31"]
[SourceQuality "1"]

1. b4 e5 2. Bb2 Bxb4 3. Bxe5 Nf6 4. c4 Nc6 5. Bb2 d6 6. e3 0-0 7. Nf3 Bg4 8. Be2 Ne4 9. a3 Ba5 10. 0-0 f5 11. d3 Nc5 12. Nc3 Bxc3 13. Bxc3 Qe7 14. Re1 Rae8 15. Ra2 b6 16. h3 Bh5 17. Nd4 Bxe2 18. Nxe2 Qh4 19. Nf4 Ne6 20. Nd5 Rf7 21. Qf3 Ne5 22. Bxe5 dxe5 23. Qg3 Qxg3 24. fxg3 Nc5 25. Rd1 c6 26. Nb4 Re6 27. d4 Rd7 28. d5 Rg6 29. Rad2 cxd5 30. Nxd5 Kf7 31. Kh2 Ne4 32. Rb2 Nxg3 33. Kg1 Ne4 34. Rf1 Ke6 35. Rd1 h5 36. Rb3 h4 37. Rbd3 Nc5 38. R3d2 Rg3 39. e4 0-1

[Event "Eindhoven WLC op 13th"]
[Site "Eindhoven"]
[Date "2023.05.05"]
[Round "1"]
[White "Bollen, Guus"]
[Black "Auwens, Michiel"]
[Result "1-0"]
[WhiteElo "2182"]
[BlackElo "1849"]
[PlyCount "55"]
[EventDate "2023.05.05"]
[EventType "swiss"]
[EventRounds "6"]
[EventCountry "NED"]
[SourceTitle "CBM 214 Extra"]
[Source "ChessBase"]
[SourceDate "2023.07.31"]
[SourceVersion "1"]
[SourceVersionDate "2023.07.31"]
[SourceQuality "1"]

1. e4 e5 2. Nc3 Bc5 3. Bc4 Nf6 4. d3 0-0 5. f4 d6 6. Nf3 c6 7. fxe5 dxe5 8. Bg5 Nbd7 9. Qd2 a5 10. a4 Bb4 11. 0-0 b5 12. Ba2 Be7 13. axb5 cxb5 14. Kh1 Qb6 15. Nd5 Qd6 16. Nxe7+ Qxe7 17. Nh4 Bb7 18. Rf3 Qc5 19. Nf5 Bxe4 20. Be3 Qc7 21. dxe4 Nxe4 22. Qe2 Ndf6 23. Raf1 g6 24. Ng3 Nxg3+ 25. Rxg3 Ra6 26. Rgf3 Kg7 27. Bg5 Nh5 28. Rxf7+ 1-0

[Event "Titled Tuesday intern op 4th Aug 10am"]
[Site "Chess.com INT"]
[Date "2020.08.04"]
[Round "4"]
[White "Derakhshani, Borna"]
[Black "Bollen, Guus"]
[Result "1-0"]
[WhiteElo "2373"]
[BlackElo "2246"]
[PlyCount "37"]
[EventDate "2020.08.04"]
[EventType "swiss (blitz)"]
[EventRounds "10"]
[EventCountry "USA"]
[SourceTitle "CBM 197 Extra"]
[Source "ChessBase"]
[SourceDate "2020.09.30"]
[SourceVersion "1"]
[SourceVersionDate "2020.09.30"]
[SourceQuality "1"]

1. d4 d5 2. Nc3 e6 3. Bf4 c5 4. e3 Nc6 5. Nf3 Nf6 6. Bd3 b6 7. 0-0 Bb7 8. dxc5 Bxc5 9. e4 dxe4 10. Nxe4 Nxe4 11. Bxe4 Qxd1 12. Raxd1 Rd8 13. Rxd8+ Nxd8 14. Bxb7 Nxb7 15. Rd1 f6 16. Bb8 Ke7 17. Bg3 e5 18. c3 Nd6 19. b4 1-0

[Event "Titled Tuesday intern op 4th Aug 10am"]
[Site "Chess.com INT"]
[Date "2020.08.04"]
[Round "9"]
[White "Hu, Merric"]
[Black "Bollen, Guus"]
[Result "0-1"]
[WhiteElo "2080"]
[BlackElo "2246"]
[PlyCount "42"]
[EventDate "2020.08.04"]
[EventType "swiss (blitz)"]
[EventRounds "10"]
[EventCountry "USA"]
[SourceTitle "CBM 197 Extra"]
[Source "ChessBase"]
[SourceDate "2020.09.30"]
[SourceVersion "1"]
[SourceVersionDate "2020.09.30"]
[SourceQuality "1"]

1. e4 c5 2. b3 Nc6 3. Bb2 d5 4. exd5 Qxd5 5. Nf3 Nf6 6. Nc3 Qd8 7. Bb5 Bd7 8. 0-0 g6 9. d4 cxd4 10. Nxd4 Bg7 11. Nxc6 Bxc6 12. Bxc6+ bxc6 13. Qf3 Qc7 14. Nb5 Qc8 15. Bxf6 Bxf6 16. Nd6+ exd6 17. Qxf6 0-0 18. Qxd6 Rd8 19. Qf6 Qe6 20. Qxe6 fxe6 21. Rfe1 Rd2 0-1

[Event "Titled Tuesday intern op 4th Aug 10am"]
[Site "Chess.com INT"]
[Date "2020.08.04"]
[Round "7"]
[White "Manukian, Artak"]
[Black "Bollen, Guus"]
[Result "1-0"]
[WhiteElo "2196"]
[BlackElo "2246"]
[PlyCount "61"]
[EventDate "2020.08.04"]
[EventType "swiss (blitz)"]
[EventRounds "10"]
[EventCountry "USA"]
[SourceTitle "CBM 197 Extra"]
[Source "ChessBase"]
[SourceDate "2020.09.30"]
[SourceVersion "1"]
[SourceVersionDate "2020.09.30"]
[SourceQuality "1"]

1. e4 c5 2. Nf3 d6 3. Bb5+ Nd7 4. 0-0 Ngf6 5. Re1 g6 6. c3 Bg7 7. d4 cxd4 8. cxd4 0-0 9. Nc3 a6 10. Bf1 b5 11. e5 Ne8 12. Bg5 f6 13. exf6 Ndxf6 14. a4 b4 15. Qb3+ Kh8 16. Qxb4 Bg4 17. Re3 Rb8 18. Qa3 Qb6 19. h3 Bxf3 20. Rxf3 Qxd4 21. Bxa6 Nc7 22. Nb5 Qe5 23. Nxc7 Qxg5 24. Ne6 Qa5 25. Nxf8 Qxa6 26. Ne6 Rc8 27. Nxg7 Kxg7 28. b4 Qe2 29. Qe3 Qxe3 30. Rxe3 Nd5 31. Rb3 1-0

[Event "Titled Tuesday intern op 4th Aug 10am"]
[Site "Chess.com INT"]
[Date "2020.08.04"]
[Round "6"]
[White "Sadykov, Ramil"]
[Black "Bollen, Guus"]
[Result "1-0"]
[WhiteElo "2345"]
[BlackElo "2246"]
[PlyCount "53"]
[EventDate "2020.08.04"]
[EventType "swiss (blitz)"]
[EventRounds "10"]
[EventCountry "USA"]
[SourceTitle "CBM 197 Extra"]
[Source "ChessBase"]
[SourceDate "2020.09.30"]
[SourceVersion "1"]
[SourceVersionDate "2020.09.30"]
[SourceQuality "1"]

1. e4 c5 2. Nf3 d6 3. d4 cxd4 4. Nxd4 Nf6 5. Nc3 a6 6. Bc4 e6 7. Bb3 b5 8. Bg5 Nbd7 9. Qe2 Bb7 10. 0-0-0 h6 11. Bh4 Qb6 12. Bxe6 fxe6 13. Nxe6 Kf7 14. Nd5 Bxd5 15. exd5 Re8 16. Rhe1 g5 17. Bg3 Ne5 18. Bxe5 dxe5 19. Qxe5 Bd6 20. Qf5 b4 21. Kb1 a5 22. Rd3 a4 23. Rf3 Be7 24. h4 Rhg8 25. hxg5 hxg5 26. Qh7+ Rg7 27. Qxg7# 1-0

[Event "Titled Tuesday intern op 7th July"]
[Site "Chess.com INT"]
[Date "2020.07.07"]
[Round "2"]
[White "Saravana, Krishnan P"]
[Black "Bollen, Guus"]
[Result "0-1"]
[WhiteElo "2312"]
[BlackElo "2246"]
[PlyCount "86"]
[EventDate "2020.07.07"]
[EventType "swiss (blitz)"]
[EventRounds "10"]
[EventCountry "USA"]
[SourceTitle "CBM 197 Extra"]
[Source "ChessBase"]
[SourceDate "2020.09.30"]
[SourceVersion "1"]
[SourceVersionDate "2020.09.30"]
[SourceQuality "1"]

1. e4 c5 2. Nf3 d6 3. c3 Nf6 4. Bd3 e5 5. Bc2 g6 6. 0-0 Bg7 7. d4 Nbd7 8. Na3 0-0 9. Nc4 Qe7 10. a4 cxd4 11. cxd4 exd4 12. Re1 Ne5 13. Qe2 Bg4 14. b3 Rac8 15. Ncxe5 dxe5 16. Ba3 Qc7 17. Bxf8 Kxf8 18. Bd3 Nh5 19. h3 Nf4 20. Qd1 Be6 21. Bf1 Bh6 22. Nd2 Qc3 23. Nc4 Nh5 24. Ra2 f6 25. Ree2 d3 26. Re1 Rd8 27. Ne3 d2 28. Re2 Bxb3 29. Raxd2 Bxd1 30. Rxd8+ Ke7 31. Nd5+ Kxd8 32. Nxc3 Bxe2 33. Bxe2 Nf4 34. Bc4 Bf8 35. Bg8 h5 36. Kh2 Nd3 37. Kg1 Nc5 38. Kf1 Ke7 39. Bh7 Kf7 40. g4 Kg7 41. gxh5 Kxh7 42. hxg6+ Kxg6 43. Nd5 Nxe4 0-1

[Event "Titled Tuesday intern op 30th June"]
[Site "Chess.com INT"]
[Date "2020.06.30"]
[Round "4"]
[White "Budisavljevic, Luka"]
[Black "Bollen, Guus"]
[Result "1-0"]
[WhiteElo "2444"]
[BlackElo "2246"]
[PlyCount "41"]
[EventDate "2020.06.30"]
[EventType "swiss (blitz)"]
[EventRounds "10"]
[EventCountry "USA"]
[SourceTitle "CBM 197 Extra"]
[Source "ChessBase"]
[SourceDate "2020.09.30"]
[SourceVersion "1"]
[SourceVersionDate "2020.09.30"]
[SourceQuality "1"]

1. d4 d5 2. Bf4 e6 3. e3 Nf6 4. Nd2 c5 5. c3 Nc6 6. Ngf3 Be7 7. Ne5 0-0 8. Bd3 Qb6 9. Rb1 Nxe5 10. dxe5 Nd7 11. h4 f5 12. g4 Qd8 13. Qe2 b6 14. Rg1 Bxh4 15. gxf5 exf5 16. Qh5 c4 17. Bc2 Nc5 18. Bh6 Rf7 19. Nf3 Be7 20. Ke2 Kh8 21. Qxf7 1-0

[Event "Titled Tuesday intern op 30th June"]
[Site "Chess.com INT"]
[Date "2020.06.30"]
[Round "7"]
[White "Sharmin, Samiha Shimmi"]
[Black "Bollen, Guus"]
[Result "0-1"]
[WhiteElo "1812"]
[BlackElo "2246"]
[PlyCount "114"]
[EventDate "2020.06.30"]
[EventType "swiss (blitz)"]
[EventRounds "10"]
[EventCountry "USA"]
[SourceTitle "CBM 197 Extra"]
[Source "ChessBase"]
[SourceDate "2020.09.30"]
[SourceVersion "1"]
[SourceVersionDate "2020.09.30"]
[SourceQuality "1"]

1. e4 c5 2. Nf3 d6 3. d4 cxd4 4. Nxd4 Nf6 5. Nc3 a6 6. Be3 e5 7. Nb3 Be6 8. f3 h5 9. Qd2 Nbd7 10. Nd5 Bxd5 11. exd5 Rc8 12. c4 Nb6 13. Rc1 Be7 14. Be2 0-0 15. 0-0 Na4 16. Na5 Qd7 17. b4 Bd8 18. Nb3 g6 19. Rfd1 Re8 20. c5 dxc5 21. bxc5 e4 22. f4 b5 23. c6 Qd6 24. Nc5 Bb6 25. Nxa4 Bxe3+ 26. Qxe3 bxa4 27. Qd4 Red8 28. Bxa6 Rc7 29. Qxa4 Qxf4 30. Rf1 Qe3+ 31. Kh1 Nxd5 32. Rce1 Qg5 33. Rxe4 Nc3 34. Qc4 Nxe4 35. Qxe4 Qe7 36. Qc4 Rd6 37. Bb5 Qe5 38. a4 Rd4 39. Qc2 Qd6 40. h3 Rd2 41. Qe4 Qd5 42. Qxd5 Rxd5 43. Kh2 Kf8 44. Re1 Rc5 45. Re2 Re7 46. Rd2 Re3 47. Rd6 Ke7 48. Rd7+ Ke6 49. Rd8 Rec3 50. Re8+ Kd6 51. Rd8+ Ke5 52. Re8+ Kf4 53. Rf8 f5 54. Rf6 g5 55. Rf7 h4 56. c7 Rxc7 57. Rxc7 Rxc7 0-1

[Event "Titled Tuesday intern op 9th June"]
[Site "Chess.com INT"]
[Date "2020.06.09"]
[Round "4"]
[White "Bollen, Guus"]
[Black "Arjun, Kalyan"]
[Result "0-1"]
[WhiteElo "2246"]
[BlackElo "2477"]
[PlyCount "48"]
[EventDate "2020.06.09"]
[EventType "swiss (blitz)"]
[EventRounds "10"]
[EventCountry "USA"]
[SourceTitle "CBM 196 Extra"]
[Source "ChessBase"]
[SourceDate "2020.07.31"]
[SourceVersion "1"]
[SourceVersionDate "2020.07.31"]
[SourceQuality "1"]

1. e4 c5 2. d4 cxd4 3. c3 dxc3 4. Nxc3 Nc6 5. Nf3 d6 6. Bc4 a6 7. 0-0 Nf6 8. Bf4 Bg4 9. h3 Bxf3 10. Qxf3 e6 11. Rfd1 Qb6 12. Rd2 Be7 13. Rad1 0-0 14. a3 Rfd8 15. b4 Ne5 16. Bxe5 dxe5 17. Bb3 Rac8 18. Rxd8+ Rxd8 19. Rxd8+ Qxd8 20. Qe3 Qd4 21. Qe1 g6 22. Na4 Qxe4 23. Qxe4 Nxe4 24. Kf1 Nd2+ 0-1

[Event "Titled Tuesday intern op 9th June"]
[Site "Chess.com INT"]
[Date "2020.06.09"]
[Round "2"]
[White "Bollen, Guus"]
[Black "Parvanyan, Ashot"]
[Result "0-1"]
[WhiteElo "2246"]
[BlackElo "2449"]
[PlyCount "76"]
[EventDate "2020.06.09"]
[EventType "swiss (blitz)"]
[EventRounds "10"]
[EventCountry "USA"]
[SourceTitle "CBM 196 Extra"]
[Source "ChessBase"]
[SourceDate "2020.07.31"]
[SourceVersion "1"]
[SourceVersionDate "2020.07.31"]
[SourceQuality "1"]

1. e4 e5 2. Nc3 Nc6 3. Bc4 Nf6 4. d3 Na5 5. Bb3 Nxb3 6. axb3 d5 7. exd5 Nxd5 8. Nf3 Nxc3 9. bxc3 Bd6 10. 0-0 0-0 11. Re1 f6 12. h3 Re8 13. Be3 a5 14. Nd2 b6 15. Qf3 Rb8 16. Ne4 Bf8 17. Ng3 Qd7 18. Ra4 Bb7 19. Qh5 Qf7 20. Qg4 Qe6 21. Qe2 Qc6 22. f3 Qd7 23. Rh4 g6 24. Bd2 Bg7 25. Ne4 f5 26. Ng5 h6 27. Ne4 fxe4 28. Bxh6 exf3 29. gxf3 Bxh6 30. Rxh6 Kg7 31. Qe3 Qf5 32. Kh2 Rh8 33. Rxh8 Rxh8 34. f4 Qxf4+ 35. Qxf4 exf4 36. Re7+ Kf6 37. Rxc7 Bf3 38. Rc6+ Bxc6 0-1

[Event "Vlissingen HZ op 21st"]
[Site "Vlissingen"]
[Date "2017.08.10"]
[Round "7"]
[White "Bollen, Guus"]
[Black "Leenhouts, Koen"]
[Result "0-1"]
[WhiteElo "2245"]
[BlackElo "2486"]
[PlyCount "84"]
[EventDate "2017.08.05"]
[EventType "swiss"]
[EventRounds "9"]
[EventCountry "NED"]
[SourceTitle "CBM 179 Extra"]
[Source "ChessBase"]
[SourceDate "2017.08.23"]
[SourceVersion "1"]
[SourceVersionDate "2017.08.23"]
[SourceQuality "1"]

1. e4 c5 2. Nc3 Nc6 3. g3 g6 4. Bg2 Bg7 5. d3 d6 6. Nge2 Rb8 7. Be3 b5 8. Qd2 b4 9. Nd1 Nd4 10. h3 a5 11. c3 Nxe2 12. Qxe2 a4 13. Rc1 Nf6 14. 0-0 0-0 15. Qd2 Nd7 16. Kh2 e6 17. Bh6 bxc3 18. bxc3 Bxh6 19. Qxh6 Ne5 20. Qd2 c4 21. d4 Nd3 22. Rc2 a3 23. Ne3 Qc7 24. f4 f5 25. d5 Rb2 26. dxe6 Bxe6 27. exf5 gxf5 28. g4 fxg4 29. f5 g3+ 30. Kh1 Rxc2 31. Qxc2 Bf7 32. Ng4 Bh5 33. Bd5+ Kh8 34. Qe2 Qc5 35. Qf3 Ne5 36. Qe4 Bxg4 37. hxg4 Nxg4 38. Qxg4 Qxd5+ 39. Kg1 Qd2 40. Qh4 Qxc3 41. f6 Qe3+ 42. Kh1 Qe2 0-1

[Event "Vlissingen HZ op 21st"]
[Site "Vlissingen"]
[Date "2017.08.08"]
[Round "5"]
[White "Bollen, Guus"]
[Black "Ikonnikov, Vyacheslav"]
[Result "0-1"]
[WhiteElo "2245"]
[BlackElo "2532"]
[PlyCount "66"]
[EventDate "2017.08.05"]
[EventType "swiss"]
[EventRounds "9"]
[EventCountry "NED"]
[SourceTitle "CBM 179 Extra"]
[Source "ChessBase"]
[SourceDate "2017.08.23"]
[SourceVersion "1"]
[SourceVersionDate "2017.08.23"]
[SourceQuality "1"]

1. e4 c5 2. Nc3 Nc6 3. g3 g6 4. Bg2 Bg7 5. d3 d6 6. Nge2 Rb8 7. 0-0 b5 8. Nd5 e6 9. Ne3 Nge7 10. c3 0-0 11. f4 f5 12. d4 fxe4 13. dxc5 d5 14. Nc2 b4 15. Be3 bxc3 16. bxc3 Ba6 17. Ncd4 Nxd4 18. Bxd4 Bxd4+ 19. Nxd4 Bxf1 20. Bxf1 Qc8 21. Bh3 Qxc5 22. Bxe6+ Kh8 23. Rc1 Nc6 24. Kh1 Nxd4 25. cxd4 Qd6 26. Bg4 Rb4 27. a3 Rb7 28. Qa4 Rc7 29. Rb1 Kg7 30. Rb5 Rxf4 31. gxf4 Qxf4 32. Rb1 Qxg4 33. Rf1 Qe2 0-1

[Event "Vlissingen HZ op 21st"]
[Site "Vlissingen"]
[Date "2017.08.07"]
[Round "4"]
[White "Riksen, John"]
[Black "Bollen, Guus"]
[Result "0-1"]
[WhiteElo "2044"]
[BlackElo "2245"]
[PlyCount "64"]
[EventDate "2017.08.05"]
[EventType "swiss"]
[EventRounds "9"]
[EventCountry "NED"]
[SourceTitle "CBM 179 Extra"]
[Source "ChessBase"]
[SourceDate "2017.08.23"]
[SourceVersion "1"]
[SourceVersionDate "2017.08.23"]
[SourceQuality "1"]

1. d4 Nf6 2. Nf3 e6 3. g3 d5 4. Bg2 c5 5. c3 Nc6 6. 0-0 Bd6 7. Re1 0-0 8. Bg5 h6 9. Bf4 Bxf4 10. gxf4 Qb6 11. b3 Bd7 12. e3 Rfc8 13. Ne5 cxd4 14. exd4 Ne7 15. Qf3 Rc7 16. Nxd7 Nxd7 17. Bf1 Rac8 18. Bd3 g6 19. Qe3 Nf5 20. Bxf5 gxf5 21. Kh1 Kh7 22. Rg1 Qd6 23. Qg3 Qf8 24. Qh4 Qh8 25. a4 Rg8 26. Rxg8 Qxg8 27. Qe7 Qf8 28. Qh4 Rc8 29. Qh3 Qd6 30. Qh4 Rg8 31. h3 Qf8 32. Qh5 Qg7 0-1

[Event "Eindhoven WLC op 8th"]
[Site "Eindhoven"]
[Date "2017.04.09"]
[Round "6"]
[White "Brink, Barry"]
[Black "Bollen, Guus"]
[Result "1/2-1/2"]
[WhiteElo "2347"]
[BlackElo "2235"]
[PlyCount "148"]
[EventDate "2017.04.07"]
[EventType "swiss"]
[EventRounds "6"]
[EventCountry "NED"]
[SourceTitle "CBM 177 Extra"]
[Source "ChessBase"]
[SourceDate "2017.04.27"]
[SourceVersion "1"]
[SourceVersionDate "2017.04.27"]
[SourceQuality "1"]

1. d4 Nf6 2. c4 e6 3. Nc3 d5 4. cxd5 exd5 5. Bg5 Be7 6. e3 0-0 7. Bd3 c6 8. Qc2 h6 9. Bh4 Re8 10. Nf3 Ne4 11. Bxe7 Qxe7 12. 0-0 Nd7 13. b4 Nxc3 14. Qxc3 Qd6 15. Rfc1 Nf6 16. b5 Bd7 17. bxc6 Bxc6 18. Ne5 Rec8 19. Qb3 Nd7 20. Bf5 Rcb8 21. Bxd7 Bxd7 22. Rc5 Be6 23. Rac1 b6 24. Rc6 Rc8 25. h3 Rxc6 26. Rxc6 Qd8 27. Qa3 a5 28. Qb3 Rb8 29. Nd3 b5 30. Nc5 Rb6 31. Nxe6 fxe6 32. Rc5 a4 33. Qc2 Rb8 34. f4 Qe8 35. a3 Rd8 36. Kh2 Rb8 37. Qc3 Qf8 38. Qa5 Qe8 39. Qa6 h5 40. Rc6 Qf8 41. Rc7 Qf6 42. Qd6 Rd8 43. Qb4 h4 44. Qe1 Rb8 45. Rc5 Rb6 46. Qe2 Qg6 47. Qe1 Qf6 48. Kh1 Rb8 49. Qe2 Qg6 50. Qe1 Qg3 51. Qc1 b4 52. Rc8+ Rxc8 53. Qxc8+ Kh7 54. Qc2+ Kh8 55. Qc8+ Kh7 56. Qc2+ Qg6 57. Qxa4 Qb1+ 58. Kh2 b3 59. Qe8 Qg6 60. Qb5 Qg3+ 61. Kh1 Qe1+ 62. Kh2 Qg3+ 63. Kh1 Qxe3 64. Qe8 Qe1+ 65. Kh2 Qg3+ 66. Kh1 Qg6 67. Qb5 Qb1+ 68. Kh2 b2 69. Qe2 Kh6 70. f5 Qc1 71. Qxe6+ Kh7 72. Qg6+ Kg8 73. Qe8+ Kh7 74. Qg6+ Kg8 1/2-1/2

[Event "Groningen op-A 53rd"]
[Site "Groningen"]
[Date "2015.12.28"]
[Round "7"]
[White "Bollen, Guus"]
[Black "Andersen, Alf Roger"]
[Result "1-0"]
[WhiteElo "2135"]
[BlackElo "2163"]
[PlyCount "67"]
[EventDate "2015.12.21"]
[EventType "swiss"]
[EventRounds "9"]
[EventCountry "NED"]
[SourceTitle "CBM 170 Extra"]
[Source "ChessBase"]
[SourceDate "2016.02.25"]
[SourceVersion "1"]
[SourceVersionDate "2016.02.25"]
[SourceQuality "1"]

1. e4 d6 2. d4 Nf6 3. Nc3 g6 4. f4 Bg7 5. Nf3 0-0 6. e5 Ne8 7. Be3 Nd7 8. h4 Nb6 9. h5 Bg4 10. hxg6 hxg6 11. Rh4 Qd7 12. Bd3 c6 13. Qd2 f5 14. 0-0-0 Nc7 15. Rdh1 Bxf3 16. gxf3 Kf7 17. Qg2 Rh8 18. Rg1 Qe6 19. Ne4 fxe4 20. f5 Qxf5 21. Rf4 Ke6 22. Rxf5 gxf5 23. fxe4 Rag8 24. Qg6+ Kd7 25. Qxf5+ Kd8 26. exd6 Ne8 27. dxe7+ Kxe7 28. Bg5+ Bf6 29. Bxf6+ Nxf6 30. Qe5+ Kf7 31. Rf1 Rh6 32. Qc7+ Ke8 33. e5 Rh7 34. Bxh7 1-0

[Event "Groningen op-A 53rd"]
[Site "Groningen"]
[Date "2015.12.23"]
[Round "3"]
[White "Bollen, Guus"]
[Black "Sand, Rolf"]
[Result "1/2-1/2"]
[WhiteElo "2135"]
[BlackElo "2033"]
[PlyCount "56"]
[EventDate "2015.12.21"]
[EventType "swiss"]
[EventRounds "9"]
[EventCountry "NED"]
[SourceTitle "CBM 170 Extra"]
[Source "ChessBase"]
[SourceDate "2016.02.25"]
[SourceVersion "1"]
[SourceVersionDate "2016.02.25"]
[SourceQuality "1"]

1. e4 c5 2. d4 cxd4 3. c3 dxc3 4. Nxc3 Nc6 5. Nf3 d6 6. Bc4 a6 7. 0-0 Nf6 8. Bf4 e6 9. Qe2 Bd7 10. Rfd1 Qb8 11. h3 Be7 12. e5 dxe5 13. Nxe5 Nxe5 14. Bxe5 Qc8 15. Ne4 Nxe4 16. Qxe4 Bc6 17. Qd4 Bf6 18. Bxf6 gxf6 19. Qxf6 Rg8 20. g4 h5 21. Rd4 hxg4 22. hxg4 Rg6 23. Qh8+ Ke7 24. Qh4+ Rf6 25. g5 Rg6 26. Bd3 Rg7 27. Qf4 Qh8 28. f3 Qh6 1/2-1/2

[Event "Groningen op-A 53rd"]
[Site "Groningen"]
[Date "2015.12.22"]
[Round "2"]
[White "Saravanan, Venkat"]
[Black "Bollen, Guus"]
[Result "1-0"]
[WhiteElo "2283"]
[BlackElo "2135"]
[PlyCount "107"]
[EventDate "2015.12.21"]
[EventType "swiss"]
[EventRounds "9"]
[EventCountry "NED"]
[SourceTitle "CBM 170 Extra"]
[Source "ChessBase"]
[SourceDate "2016.02.25"]
[SourceVersion "1"]
[SourceVersionDate "2016.02.25"]
[SourceQuality "1"]

1. e4 d6 2. d4 Nf6 3. f3 Nbd7 4. c4 e5 5. Ne2 Be7 6. Be3 c6 7. Nbc3 a6 8. Ng3 g6 9. Be2 0-0 10. 0-0 Re8 11. Qd2 b5 12. f4 exd4 13. Bxd4 b4 14. Nd1 c5 15. Be3 Bf8 16. Nf2 Bb7 17. Bf3 Qc7 18. Rae1 a5 19. b3 a4 20. Qc2 Ra6 21. Bc1 Bg7 22. Nd3 Nf8 23. e5 dxe5 24. fxe5 N6d7 25. Bxb7 Qxb7 26. Qf2 f5 27. exf6 Rxf6 28. Rxe8 Rxf2 29. Rxf2 axb3 30. axb3 Nf6 31. Ree2 Ng4 32. Rf3 Bd4+ 33. Kh1 Qd7 34. h3 Nf6 35. Nxc5 Bxc5 36. Rxf6 Kg7 37. Bb2 Bd4 38. Bxd4 Qxd4 39. Rf3 Nd7 40. Kh2 Qd6 41. Rfe3 Nc5 42. Re7+ Kf6 43. Rxh7 Nxb3 44. h4 Nc5 45. h5 Qf4 46. hxg6 Kxg6 47. Ree7 Ne6 48. Rh8 Qxc4 49. Reh7 Qf4 50. Rh4 Qd6 51. R8h6+ Kf7 52. Rh7+ Kg8 53. Rb7 Nf4 54. Nf5 1-0

[Event "Groningen op-A 53rd"]
[Site "Groningen"]
[Date "2015.12.21"]
[Round "1"]
[White "Bollen, Guus"]
[Black "Esserman, Marc"]
[Result "1/2-1/2"]
[WhiteElo "2135"]
[BlackElo "2411"]
[PlyCount "184"]
[EventDate "2015.12.21"]
[EventType "swiss"]
[EventRounds "9"]
[EventCountry "NED"]
[SourceTitle "CBM 170 Extra"]
[Source "ChessBase"]
[SourceDate "2016.02.25"]
[SourceVersion "1"]
[SourceVersionDate "2016.02.25"]
[SourceQuality "1"]

1. e4 c5 2. d4 cxd4 3. c3 dxc3 4. Nxc3 Nc6 5. Nf3 d6 6. Bc4 e6 7. 0-0 Be7 8. Qe2 Nf6 9. Rd1 e5 10. Be3 0-0 11. a3 Be6 12. Bb5 Ng4 13. Nd5 Bxd5 14. Rxd5 Nxe3 15. Qxe3 Bf6 16. Rad1 Be7 17. Bxc6 bxc6 18. Rxe5 dxe5 19. Rxd8 Bxd8 20. Nxe5 Bb6 21. Qf3 Rad8 22. Nc4 Rfe8 23. g3 Rd4 24. Qc3 Rdxe4 25. Nxb6 axb6 26. Qxc6 R4e6 27. Qb5 Rd8 28. Qb4 g6 29. Kg2 Rd5 30. Qc4 Rc5 31. Qd3 h6 32. h3 Kh7 33. Qd2 Ree5 34. Qd7 Rf5 35. Qd6 b5 36. g4 Rfd5 37. Qf8 Rc7 38. Qb8 Rcd7 39. Qf8 Rd2 40. Qb4 R7d5 41. Qf8 Rd7 42. Qb4 Re2 43. Qxb5 Rdd2 44. Qb6 Rxb2 45. Qf6 Rb7 46. h4 Re6 47. Qf3 Ra7 48. h5 Rea6 49. hxg6+ fxg6 50. Qf8 Rxa3 51. f3 Ra2+ 52. Kg3 Rd7 53. Kh3 Raa7 54. Kg3 Rf7 55. Qc5 Ra8 56. f4 Raf8 57. f5 gxf5 58. gxf5 Rxf5 59. Qc2 Kg7 60. Qc3+ R8f6 61. Qc7+ Kg6 62. Qc2 Re6 63. Kg4 h5+ 64. Kh4 Ref6 65. Qd3 Kh6 66. Qe3+ Rf4+ 67. Kg3 h4+ 68. Kh3 Kg5 69. Qe5+ R4f5 70. Qe3+ Rf4 71. Qe5+ Kh6 72. Qe3 Kh7 73. Qe7+ Rf7 74. Qe6 Rg7 75. Qe1 Rg3+ 76. Kh2 Rg7 77. Kh3 Rgf7 78. Qe6 R4f6 79. Qe4+ Kg7 80. Qe5 Kf8 81. Qb8+ Kg7 82. Qe5 Kh7 83. Kxh4 Rg6 84. Qe4 Kg7 85. Qd4+ Kh7 86. Qe4 Kg7 87. Qd4+ Kg8 88. Qd5 Rgg7 89. Kh5 Kh8 90. Qd8+ Kh7 91. Qd3+ Kg8 92. Qd5 Kh7 1/2-1/2

[Event "Dieren op"]
[Site "Dieren"]
[Date "2015.07.27"]
[Round "6"]
[White "Bollen, Guus"]
[Black "Foisor, Sabina Francesca"]
[Result "0-1"]
[WhiteElo "2088"]
[BlackElo "2202"]
[PlyCount "98"]
[EventDate "2015.07.21"]
[EventType "swiss"]
[EventRounds "9"]
[EventCountry "NED"]
[SourceTitle "CBM 167 Extra"]
[Source "ChessBase"]
[SourceDate "2015.09.14"]
[SourceVersion "1"]
[SourceVersionDate "2015.09.14"]
[SourceQuality "1"]

1. e4 e5 2. Nc3 Nf6 3. Bc4 Nxe4 4. Qh5 Nd6 5. Qxe5+ Qe7 6. Qxe7+ Bxe7 7. Bb3 Nf5 8. Nf3 c6 9. d4 d5 10. 0-0 h6 11. Re1 Be6 12. Ne2 g5 13. c3 Ng7 14. Ng3 f6 15. Bd2 Kf7 16. Re2 Nd7 17. Rae1 Nf8 18. Bc2 Re8 19. b3 h5 20. Bc1 h4 21. Nf1 g4 22. N3d2 Bd6 23. Ne3 Nd7 24. g3 f5 25. Ng2 f4 26. Nxh4 Rxh4 27. gxh4 Rh8 28. Bg6+ Kf6 29. h5 Bf7 30. f3 Bxg6 31. hxg6 g3 32. Nf1 Nf8 33. hxg3 fxg3 34. Ne3 Nxg6 35. Ng4+ Kf7 36. Nh6+ Kf6 37. Ng4+ Kf7 38. f4 Nh4 39. Rf1 Ngf5 40. Bd2 Rg8 41. Ne3 g2 42. Rff2 Ng3 43. Re1 Ne4 44. Rd1 Nxf2 45. Kxf2 g1Q+ 46. Rxg1 Rxg1 47. Kxg1 Nf3+ 48. Kf2 Nxd2 49. Kg3 Ne4+ 0-1